Análisis comparativo del comportamiento estructural de edificios de marcos postensados, considerando la distribución de las cargas sobre el edificio en el proceso constructivo
Uloženo v:
| Hlavní autor: | |
|---|---|
| Další autoři: | |
| Médium: | Kniha |
| Jazyk: | Spanish |
| Vydáno: |
[San, José], Costa Rica,
2021
|
| Témata: | |
| Tagy: |
Přidat tag
Žádné tagy, Buďte první, kdo vytvoří štítek k tomuto záznamu!
|
MARC
| LEADER | 00000nam a2200000Ia 4500 | ||
|---|---|---|---|
| 003 | 013381 | ||
| 005 | 20230328104728.0 | ||
| 008 | 140116s2021 cr a 000 ||spa d | ||
| 040 | |c cru CEDI | ||
| 100 | |a Fallas Bonilla, Oscar Asdrúbal, 1990- |9 119 | ||
| 245 | |a Análisis comparativo del comportamiento estructural de edificios de marcos postensados, considerando la distribución de las cargas sobre el edificio en el proceso constructivo | ||
| 260 | |a [San, José], Costa Rica, |c 2021 | ||
| 500 | |a Proyecto de graduación (licenciatura en Ingeniería Civil)--Universidad de Costa Rica. Facultad de Ingeniería, Escuela de Ingeniería Civil | ||
| 501 | |a Director de Proyecto de Graduación: Ing. Julián Trejos Villalobos M.Sc, M.Eng. | ||
| 650 | |x ANALISIS ESTRUCTURAL (INGENIERIA) |x EDIFICIOS - DISEÑO Y CONSTRUCCION |x ESFUERZO Y TENSION - PROGRAMAS PARA COMPUTADORA |x DISEÑO DE ESTRUCTURAS | ||
| 700 | |9 120 |a Trejos Villalobos, Julián Andrés, 1983- |d Director del TFG | ||
| 942 | |c CEDI |h TFG 8532 |6 TFG_8532_000000000000000 | ||
| 999 | |c 21883 |d 21883 | ||
